000 00773nam a2200229 a 4500
001 BRCA_8398
005 20190320210249.0
008 960329s2014----mx-a#####b---#001-0aspa-d
020 _a9786077515517 (RM)
020 _a9788492480746 (RM Verlag)
041 _aspa
044 _amx
050 4 _aND259.K3
_b.F75 2014
245 1 0 _aFrida Kahlo
_bsus fotos
_cHilda Trujillo, idea original y coordinación general ; Pablo Ortiz Monasterio, edición y puesta en página.
260 _aMéxico
_bRM Verlag : Editorial RM
_c2014
300 _a522 p.
_bil. (algunas a color)
_c24 cm.
600 1 4 _aKahlo, Frida
_d1907-1954
_94922
650 1 4 _aPintoras
_ySiglo XX
_zMéxico
_94923
700 1 _aTrujillo, Hilda
_921026
700 1 _aOrtiz Monasterio, Pablo
_95341
942 _2lcc
_cB
999 _c8066
_d8066